Учения Дона Хуана. Путь знания индейцев Яки: [18+]; [НЕЗАКОННОЕ ПОТРЕБЛЕНИЕ НАРКОТИЧЕСКИХ СРЕДСТВ, ПСИХОТРОПНЫХ ВЕЩЕСТВ, ИХ АНАЛОГОВ ПРИЧИНЯЕТ ВРЕД ЗДОРОВЬЮ, ИХ НЕЗАКОННЫЙ ОБОРОТ ЗАПРЕЩЁН И ВЛЕЧЕТ УСТАНОВЛЕННУЮ ЗАКОНОДАТЕЛЬСТВОМ ОТВЕТСТВЕННОСТЬ]; пер. с англ.

Bibliographic Details
Main Author: Кастанеда К. Ц. С. А. Карлос Цезарь Сальвадор Арана
Language:Russian
Published: Москва, Миф, 1991
Subjects:
Format: Book
KOHA link:https://koha.lib.tpu.ru/cgi-bin/koha/opac-detail.pl?biblionumber=19400

MARC

LEADER 00000nam0a2200000 4500
001 19400
005 20260407165244.0
010 |a 5872140037 
035 |a (RuTPU)RU\TPU\book\19563 
035 |a BOOK00004252 
090 |a 19400 
100 |a 20011209d1991 km y0rusy50 ca 
101 1 |a rus  |c eng 
102 |a RU 
105 |a y z 000zy 
200 1 |a Учения Дона Хуана. Путь знания индейцев Яки  |e [18+]  |e [НЕЗАКОННОЕ ПОТРЕБЛЕНИЕ НАРКОТИЧЕСКИХ СРЕДСТВ, ПСИХОТРОПНЫХ ВЕЩЕСТВ, ИХ АНАЛОГОВ ПРИЧИНЯЕТ ВРЕД ЗДОРОВЬЮ, ИХ НЕЗАКОННЫЙ ОБОРОТ ЗАПРЕЩЁН И ВЛЕЧЕТ УСТАНОВЛЕННУЮ ЗАКОНОДАТЕЛЬСТВОМ ОТВЕТСТВЕННОСТЬ]  |e пер. с англ.  |f К. Ц. С. А. Кастанеда 
210 |a Москва  |c Миф  |d 1991 
215 |a 160 с. 
606 |a Мировая философия  |2 stltpush  |3 (RuTPU)RU\TPU\subj\44095  |9 63469 
606 |a Американская философия  |2 stltpush  |3 (RuTPU)RU\TPU\subj\28889  |9 52351 
610 1 |a Америка 
610 1 |a Мексика 
610 1 |a индейцы 
610 1 |a магия 
610 1 |a этнография 
610 1 |a антропология 
610 1 |a эзотерическая психология 
686 |a Ю3(0)  |2 rubbk 
686 |a Ю3(7)  |2 rubbk 
700 1 |a Кастанеда  |b К. Ц. С. А.  |c перуанский философ  |f 1925-1998  |g Карлос Цезарь Сальвадор Арана  |3 (RuTPU)RU\TPU\pers\12477  |9 3484 
801 0 |a RU  |b 63413507  |c 20011209  |g PSBO 
801 2 |a RU  |b 63413507  |c 20180524  |g PSBO 
830 |a *изданиеподлежащеемаркировке 
942 |c BK